Harry Potter: Tous les Mangemorts - Statistiques

Statistiques générales
  • Ce quiz a été pris 3 196 fois
  • Le résultat moyen est 14 sur 28
Statistiques - réponses
Statut Mangemort % Correct
Maître Lord Voldemort
99%
Bras droit de Voldemort Bellatrix Lestrange
96%
Mangemort Lucius Malefoy
96%
Espion Severus Rogue
94%
Serviteur Peter Pettigrow
89%
Demi-Mangemort Drago Malefoy
83%
Demi-Mangemort Narcissa Malefoy
74%
Rafleur Fenrir Greyback
68%
Fidèle Mangemort Bartemius Croupton Jr
66%
Mangemort Crabbe
58%
Mangemort Goyle
58%
Mangemort Antonin Dolohov
53%
Demi-Traître Igor Karkaroff
53%
Professeur Amycus Carrow
51%
Traître Regulus Black
47%
Mangemort Corban Yaxley
44%
Professeur Alecto Carrow
42%
Mangemort Rodolphus Lestrange
30%
Bourreau Walden Macnair
30%
Soumit à l'Imperium Pius Thicknesse
29%
Soumit à l'Imperium Stanley Rocade
27%
Mangemort Evan Rosier
24%
Mangemort Augustus Rookwood
21%
Mangemort Avery
20%
Mangemort Théodore Nott
20%
Rafleur Scabior
14%
Mangemort Travers
13%
Mangemort Mulciber
12%
Aucun quiz correspondant
Distribution des résultats
% des personnes avec chaque résultat
Percentile par nombre de réponses
Votre historique - résultats
Vous n’avez pas pris ce quiz